Organy wewnętrzne ciała człowieka na schemacie - Statystyki

Ogólne statystyki
  • Ten quiz został rozwiązany 9 727 razy
  • Średni wynik to 9 z 12
Odpowiedzi na mapie
Odpowiedzi zakodowano w zielono-czerwonej skali na mapie do tego quizu, zgodnie z poniższymi procentami.
 
Statystyki odpowiedzi
Organy % Poprawnych
Mózg
100%
Płuca
100%
Jelito grube
97%
Jelito cienkie
95%
Wątroba
95%
Żołądek
89%
Trzustka
73%
Nerki
65%
Serce
64%
Śledziona
40%
Woreczek żółciowy
32%
Pęcherz moczowy
24%
Nie znaleziono quizów pasujących do podanych kryteriów
Rozkład punktacji
Procent ludzi z każdym wynikiem
Percentyl według liczby udzielonych odpowiedzi
Twoja historia wyników
Nie rozwiązałeś tego quizu